[Event "HUN-ch Rapid"]
[Site "Ajka"]
[Date "2021.07.16"]
[Round "1"]
[White "Nagy, Lajos"]
[Black "Prohaszka, Peter"]
[Result "0-1"]
[WhiteElo "1790"]
[BlackElo "2570"]
[PlyCount "60"]
[EventDate "2021.07.16"]
[EventType "swiss (rapid)"]
[EventRounds "13"]
[EventCountry "HUN"]
[SourceTitle "CBM 203 Extra"]
[Source "ChessBase"]
[SourceDate "2021.09.30"]
[SourceVersion "1"]
[SourceVersionDate "2021.09.30"]
[SourceQuality "1"]

1. e4 c6 2. d4 d5 3. Nc3 dxe4 4. Nxe4 Nf6 5. Nxf6+ exf6 6. c3 Bd6 7. Bd3 0-0 8. Ne2 Re8 9. 0-0 Nd7 10. Bf4 Nf8 11. Bxd6 Qxd6 12. Ng3 g6 13. Qc2 f5 14. Rfe1 Be6 15. Rad1 Nd7 16. Ne2 Nf6 17. g3 Nh5 18. f4 Bd5 19. Nc1 Bf3 20. Be2 Be4 21. Bd3 Nf6 22. Nb3 Re7 23. Nc5 Rae8 24. Qd2 b6 25. Nxe4 fxe4 26. Bc2 Kg7 27. Bb3 e3 28. Qe2 Ne4 29. Bc2 Nf2 30. Rb1 Qd5 0-1

[Event "HUN-chT2 Charousek 1819"]
[Site "Hungary"]
[Date "2018.09.23"]
[Round "1.12"]
[White "Hatzi, Evelin"]
[Black "Nagy, Lajos"]
[Result "0-1"]
[WhiteElo "1298"]
[BlackElo "1798"]
[PlyCount "86"]
[EventDate "2018.09.23"]
[EventType "team-tourn"]
[EventRounds "11"]
[EventCountry "HUN"]
[SourceTitle "CBM 189 Extra"]
[Source "ChessBase"]
[SourceDate "2019.06.03"]
[SourceVersion "1"]
[SourceVersionDate "2019.06.03"]
[SourceQuality "1"]
[WhiteTeam "Gyor Szechenyi"]
[BlackTeam "Paks ASE II"]
[WhiteTeamCountry "HUN"]
[BlackTeamCountry "HUN"]

1. d4 Nf6 2. Nf3 c5 3. e3 e6 4. b3 d5 5. Bb2 Nc6 6. Be2 Bd6 7. 0-0 0-0 8. Nc3 a6 9. a3 b5 10. Na2 c4 11. a4 Rb8 12. Ne5 Bxe5 13. dxe5 Nd7 14. f4 Re8 15. Qd2 bxa4 16. Nc3 axb3 17. cxb3 Rxb3 18. Na4 Qc7 19. e4 Qa7+ 20. Kh1 Qe3 21. Qxe3 Rxe3 22. exd5 exd5 23. Bf3 Ne7 24. Ba3 d4 25. Bc1 Rb3 26. Bd1 Rb5 27. Nb2 c3 28. Nc4 Rb8 29. Nd6 Rd8 30. Nxc8 Rbxc8 31. Rxa6 c2 32. Bg4 Nc6 33. e6 fxe6 34. Bxe6+ Kh8 35. Ra3 Rb8 36. Rf2 Nb4 37. Bb3 d3 38. Bc4 Nc5 39. Ra1 Ne4 40. Rf3 d2 41. Bxd2 Nxd2 42. Rc3 Nxc4 43. Rxc4 Rd1+ 0-1

[Event "HUN-chT2 Charousek 1718"]
[Site "Hungary"]
[Date "2018.03.04"]
[Round "7.12"]
[White "Nagy, Lajos"]
[Black "Miseta, Nora"]
[Result "1/2-1/2"]
[WhiteElo "1811"]
[BlackElo "1726"]
[PlyCount "173"]
[EventDate "2017.10.29"]
[EventType "team-tourn"]
[EventRounds "9"]
[EventCountry "HUN"]
[SourceTitle "EXT 2020"]
[Source "ChessBase"]
[SourceDate "2019.10.17"]
[SourceVersion "1"]
[SourceVersionDate "2019.10.17"]
[SourceQuality "1"]
[WhiteTeam "Paks ASE II"]
[BlackTeam "Aquaprofit Nagykanizsa II"]
[WhiteTeamCountry "HUN"]
[BlackTeamCountry "HUN"]

1. e4 e5 2. Nf3 Nc6 3. Bc4 g6 4. d4 exd4 5. Nxd4 Bg7 6. Nxc6 bxc6 7. 0-0 Ne7 8. Nc3 0-0 9. Bg5 Bb7 10. Re1 h6 11. Bf4 d5 12. Bb3 Qd7 13. Qf3 g5 14. Bg3 Rad8 15. Rad1 Qc8 16. exd5 Nxd5 17. Nxd5 cxd5 18. Re7 Rd7 19. Rxd7 Qxd7 20. Bxd5 Bxd5 21. Qxd5 Qxd5 22. Rxd5 Bxb2 23. Bxc7 Re8 24. Rd8 Rxd8 25. Bxd8 Kf8 26. Kf1 Ke8 27. Ba5 Be5 28. h3 h5 29. g4 hxg4 30. hxg4 Kd7 31. Ke2 Kc6 32. Kd3 Kb5 33. Bd8 Bf4 34. Ke4 Kc4 35. Bf6 a5 36. Kf5 a4 37. Bxg5 Bxg5 38. Kxg5 Kc3 39. Kf6 Kb2 40. c4 Kxa2 41. c5 a3 42. c6 Kb3 43. c7 a2 44. c8Q a1Q+ 45. Kxf7 Qa7+ 46. Kg6 Qxf2 47. Qe6+ Kb4 48. g5 Qc2+ 49. Qf5 Qc6+ 50. Qf6 Qe4+ 51. Kg7 Qb7+ 52. Qf7 Qe4 53. g6 Kc5 54. Kg8 Kd6 55. g7 Qh4 56. Qg6+ Ke7 57. Qf7+ Kd6 58. Qf5 Ke7 59. Qe5+ Kd7 60. Kf7 Qc4+ 61. Kg6 Qg4+ 62. Kh6 Qh4+ 63. Qh5 Qf6+ 64. Kh7 Qe7 65. Qg4+ Kd8 66. Kh8 Qf6 67. Qh5 Kd7 68. Kh7 Qe7 69. Qf5+ Kc7 70. Kg6 Qd6+ 71. Qf6 Qg3+ 72. Kf7 Qb3+ 73. Qe6 Qf3+ 74. Kg8 Qa8+ 75. Kf7 Qf3+ 76. Qf6 Qb3+ 77. Qe6 Qf3+ 78. Kg8 Qa8+ 79. Kh7 Qh1+ 80. Qh6 Qe4+ 81. Kh8 Qe5 82. Qg6 Qh2+ 83. Kg8 Kd7 84. Qf7+ Kd8 85. Qe6 Qh4 86. Kf7 Qh5+ 87. Kg8 1/2-1/2

[Event "HUN-chT2 Charousek 1718"]
[Site "Hungary"]
[Date "2018.02.18"]
[Round "6.12"]
[White "Gaal, Zsoka"]
[Black "Nagy, Lajos"]
[Result "1-0"]
[WhiteElo "1984"]
[BlackElo "1816"]
[PlyCount "49"]
[EventDate "2017.10.29"]
[EventType "team-tourn"]
[EventRounds "9"]
[EventCountry "HUN"]
[SourceTitle "EXT 2020"]
[Source "ChessBase"]
[SourceDate "2019.10.17"]
[SourceVersion "1"]
[SourceVersionDate "2019.10.17"]
[SourceQuality "1"]
[WhiteTeam "Tapolca Rockwool"]
[BlackTeam "Paks ASE II"]
[WhiteTeamCountry "HUN"]
[BlackTeamCountry "HUN"]

1. Nf3 Nf6 2. g3 c5 3. Bg2 e6 4. 0-0 Be7 5. d4 cxd4 6. Nxd4 Nc6 7. c4 Qb6 8. Nb5 d5 9. cxd5 Qxb5 10. dxc6 bxc6 11. Nc3 Qa6 12. b3 Nd5 13. Bb2 Bf6 14. Nxd5 cxd5 15. Bxf6 gxf6 16. Qd4 Ke7 17. e4 dxe4 18. Bxe4 Rb8 19. Qc5+ Ke8 20. Bc6+ Bd7 21. Qd6 Qxc6 22. Qxb8+ Qc8 23. Qxc8+ Bxc8 24. Rac1 Ba6 25. Rfd1 1-0

[Event "HUN-chT2 Charousek 1516"]
[Site "Hungary"]
[Date "2016.03.20"]
[Round "7.12"]
[White "Nagy, Lajos"]
[Black "Medvegyne Balogh, Emese"]
[Result "0-1"]
[WhiteElo "1868"]
[BlackElo "2082"]
[PlyCount "110"]
[EventDate "2015.10.18"]
[EventType "team-tourn"]
[EventRounds "9"]
[EventCountry "HUN"]
[SourceTitle "EXT 2017"]
[Source "ChessBase"]
[SourceDate "2016.10.25"]
[SourceVersion "1"]
[SourceVersionDate "2016.10.25"]
[SourceQuality "1"]
[WhiteTeam "Paks ASE II"]
[BlackTeam "Hobagoly"]
[WhiteTeamCountry "HUN"]
[BlackTeamCountry "HUN"]

1. e4 d5 2. exd5 Qxd5 3. Nc3 Qd6 4. d4 c6 5. Nf3 Nf6 6. Ne5 Bf5 7. Bc4 e6 8. g4 Bg6 9. Bf4 Qb4 10. Bb3 Nd5 11. Qd2 Nxf4 12. Qxf4 Bd6 13. a3 Qa5 14. Qe3 Bxe5 15. dxe5 Nd7 16. f4 Qc5 17. Qd2 0-0-0 18. Qe2 h5 19. gxh5 Bxh5 20. Qf2 Qxf2+ 21. Kxf2 Nc5 22. Ke3 Bg6 23. Rad1 Rxd1 24. Nxd1 Nxb3 25. cxb3 Rh3+ 26. Kd2 Rxb3 27. Rf1 Bh5 28. Rf2 Rb5 29. Kc1 Rc5+ 30. Nc3 Rc4 31. Kd2 Bg6 32. Ke3 b5 33. Rd2 a5 34. Rd4 Rc5 35. Kf3 Bh5+ 36. Kg3 Kc7 37. Kh4 Bg6 38. Kg5 Bc2 39. Rd2 Bh7 40. Kg4 b4 41. axb4 axb4 42. Ne2 Rc2 43. Rxc2 Bxc2 44. Nd4 Bd1+ 45. Kg5 c5 46. Nb5+ Kc6 47. Nd6 f6+ 48. Kg6 fxe5 49. fxe5 Kd5 50. Nf7 c4 51. Nd6 c3 52. bxc3 bxc3 53. Nb5 c2 54. Nc3+ Kxe5 55. Na2 Kd4 0-1

[Event "HUN-chT2 Charousek 1314"]
[Site "Hungary"]
[Date "2014.03.23"]
[Round "9"]
[White "Fuad Kamel Jamaliah, Natalie"]
[Black "Nagy, Lajos"]
[Result "1/2-1/2"]
[WhiteElo "1978"]
[BlackElo "1943"]
[PlyCount "98"]
[EventDate "2013.09.08"]
[EventType "team-tourn"]
[EventRounds "11"]
[EventCountry "HUN"]
[SourceTitle "EXT 2016"]
[Source "ChessBase"]
[SourceDate "2015.10.08"]
[SourceVersion "1"]
[SourceVersionDate "2015.10.08"]
[SourceQuality "1"]
[WhiteTeam "Budapest HUSI"]
[BlackTeam "Paks ASE II"]
[WhiteTeamCountry "HUN"]
[BlackTeamCountry "HUN"]

1. e4 e5 2. Nf3 Nc6 3. Bb5 a6 4. Ba4 Nf6 5. d4 exd4 6. 0-0 Be7 7. Re1 0-0 8. e5 Nd5 9. Nxd4 Nb6 10. Bb3 d6 11. Nxc6 bxc6 12. exd6 cxd6 13. Be3 Bf6 14. c3 Rb8 15. Nd2 d5 16. Bc5 Re8 17. Qf3 Be6 18. h3 g6 19. Rad1 Nd7 20. Bd4 Bxd4 21. cxd4 Rb4 22. Qc3 Qb6 23. Nf3 a5 24. Rd2 Rb8 25. Ng5 Nf8 26. Ree2 h6 27. Nf3 Nd7 28. Nh4 Kg7 29. Qe3 Nf8 30. f4 c5 31. Bd1 Rxd4 32. Qc3 Qb4 33. Rxd4 cxd4 34. Qxb4 Rxb4 35. Rd2 Nd7 36. a3 Rb6 37. Nf3 d3 38. Nd4 Nc5 39. b3 Kf6 40. g4 Ke7 41. b4 axb4 42. axb4 Ne4 43. Rxd3 Kd6 44. Rb3 Bc8 45. Be2 Bd7 46. Kg2 Nd2 47. Rb2 Nc4 48. Rb3 Nd2 49. Rb2 Nc4 1/2-1/2

[Event "HUN-chT2 Charousek 1314"]
[Site "Hungary"]
[Date "2013.11.17"]
[Round "5"]
[White "Nagy, Lajos"]
[Black "Ugroczky, Peter"]
[Result "1/2-1/2"]
[WhiteElo "1943"]
[BlackElo "1869"]
[PlyCount "73"]
[EventDate "2013.09.08"]
[EventType "team-tourn"]
[EventRounds "11"]
[EventCountry "HUN"]
[SourceTitle "EXT 2016"]
[Source "ChessBase"]
[SourceDate "2015.10.08"]
[SourceVersion "1"]
[SourceVersionDate "2015.10.08"]
[SourceQuality "1"]
[WhiteTeam "Paks ASE II"]
[BlackTeam "Szombathely Haladas II"]
[WhiteTeamCountry "HUN"]
[BlackTeamCountry "HUN"]

1. e4 c5 2. c3 Nf6 3. e5 Nd5 4. d4 cxd4 5. Nf3 e6 6. cxd4 d6 7. Bc4 Nb6 8. Bb3 Nc6 9. 0-0 Be7 10. Nc3 0-0 11. Be3 Na5 12. Bc2 dxe5 13. dxe5 Qxd1 14. Rfxd1 Nbc4 15. Bc1 Nc6 16. Re1 Bb4 17. a3 Bxc3 18. bxc3 Rd8 19. Bg5 Rd5 20. Bb3 N6a5 21. Ba2 h6 22. Be7 Rd3 23. Bb4 b5 24. Nd4 a6 25. Re2 Bb7 26. Rc1 Nc6 27. Nxc6 Bxc6 28. a4 Rad8 29. Bxc4 bxc4 30. a5 Rd1+ 31. Re1 R1d2 32. Bd6 Ba4 33. Re4 Bb3 34. Rd4 Ra2 35. Bb4 Rxd4 36. cxd4 Ra4 37. Bc3 1/2-1/2

[Event "HUN-chT2 Charousek 1213"]
[Site "Hungary"]
[Date "2013.04.07"]
[Round "10"]
[White "Nagy, Lajos"]
[Black "Bohus, Adam"]
[Result "1-0"]
[WhiteElo "1913"]
[BlackElo "1750"]
[PlyCount "47"]
[EventDate "2012.09.16"]
[EventType "team-tourn"]
[EventRounds "11"]
[EventCountry "HUN"]
[SourceTitle "EXT 2014"]
[Source "ChessBase"]
[SourceDate "2013.11.20"]
[SourceVersion "1"]
[SourceVersionDate "2013.11.20"]
[SourceQuality "1"]
[WhiteTeam "Paks II"]
[BlackTeam "Geniusz Tata"]
[WhiteTeamCountry "HUN"]
[BlackTeamCountry "HUN"]

1. e4 e5 2. Nf3 Nc6 3. Bc4 Bc5 4. b4 Bxb4 5. c3 Ba5 6. d4 exd4 7. 0-0 Nge7 8. Ng5 d5 9. exd5 Ne5 10. Qxd4 N7g6 11. Re1 Bb6 12. Rxe5+ Kf8 13. Ba3+ Kg8 14. Qe4 Nxe5 15. Qxe5 h6 16. Nf3 Kh7 17. Bd3+ g6 18. c4 Bg4 19. Nbd2 Qd7 20. Qc3 Bxf3 21. Nxf3 c6 22. Bb2 f5 23. c5 Bd8 24. Qxh8# 1-0

[Event "HUN-chT2 Charousek 1213"]
[Site "Hungary"]
[Date "2012.10.07"]
[Round "2"]
[White "Papagorasz, Dorina"]
[Black "Nagy, Lajos"]
[Result "0-1"]
[WhiteElo "1804"]
[BlackElo "1913"]
[PlyCount "70"]
[EventDate "2012.09.16"]
[EventType "team-tourn"]
[EventRounds "11"]
[EventCountry "HUN"]
[SourceTitle "EXT 2014"]
[Source "ChessBase"]
[SourceDate "2013.11.20"]
[SourceVersion "1"]
[SourceVersionDate "2013.11.20"]
[SourceQuality "1"]
[WhiteTeam "Fehervar"]
[BlackTeam "Paks II"]
[WhiteTeamCountry "HUN"]
[BlackTeamCountry "HUN"]

1. e4 e5 2. Nf3 Nc6 3. Bb5 a6 4. Ba4 Nf6 5. Nc3 Bc5 6. Nxe5 0-0 7. Bb3 Bxf2+ 8. Kxf2 Nxe5 9. d4 Neg4+ 10. Kg1 d6 11. h3 Nh6 12. Bg5 Kh8 13. Qf3 Nhg8 14. Rf1 h6 15. h4 Bg4 16. Qf4 Qd7 17. Bxf6 Nxf6 18. Nd5 Nh5 19. Qf2 f5 20. Nf4 Nxf4 21. Qxf4 Rae8 22. e5 dxe5 23. dxe5 Qb5 24. e6 Qc5+ 25. Kh2 Qe7 26. Kg3 Qf6 27. c3 Qe7 28. Rf2 Rd8 29. Qe5 Rd3+ 30. Rf3 Bxf3 31. gxf3 f4+ 32. Kf2 Re3 33. Qh5 Rd8 34. Qf7 Qc5 35. Kg2 Rd2+ 0-1

[Event "HUN-chT2 Charousek 1112"]
[Site "Hungary"]
[Date "2011.11.27"]
[Round "4"]
[White "Palla, Gyorgy"]
[Black "Nagy, Lajos"]
[Result "1-0"]
[WhiteElo "2082"]
[BlackElo "1923"]
[PlyCount "91"]
[EventDate "2011.09.25"]
[EventType "team-tourn"]
[EventRounds "11"]
[EventCountry "HUN"]
[SourceTitle "EXT 2013"]
[Source "ChessBase"]
[SourceDate "2012.11.22"]
[SourceVersion "1"]
[SourceVersionDate "2012.11.22"]
[SourceQuality "1"]
[WhiteTeam "Balatonfuered"]
[BlackTeam "Paks II"]
[WhiteTeamCountry "HUN"]
[BlackTeamCountry "HUN"]

1. c4 e5 2. Nc3 d6 3. g3 f5 4. Bg2 Nf6 5. d3 c6 6. Nf3 g6 7. 0-0 Bg7 8. Qb3 Qb6 9. Be3 Qxb3 10. axb3 Na6 11. Ra4 Ng4 12. Bd2 Nc7 13. h3 Nf6 14. b4 Bd7 15. Rfa1 a6 16. Ra5 b6 17. R5a2 Ke7 18. c5 bxc5 19. bxc5 Nfd5 20. Bg5+ Ke6 21. cxd6 Kxd6 22. Nd2 Rab8 23. Nc4+ Ke6 24. Na4 Rb5 25. Rc1 f4 26. h4 h6 27. Bh3+ Kf7 28. Bxd7 hxg5 29. Bxc6 gxh4 30. Nd6+ Ke7 31. Nxb5 axb5 32. Bxd5 Nxd5 33. Nc3 Nxc3 34. Rxc3 Kf6 35. Rc6+ Kg5 36. Raa6 Rh6 37. gxh4+ Kh5 38. Rab6 b4 39. Rxb4 Kxh4 40. Kg2 g5 41. Rxh6+ Bxh6 42. Rb6 Bg7 43. Rb7 Bf8 44. f3 Kh5 45. Kh3 Bc5 46. b4 1-0

[Event "HUN-chT2 Charousek 1011"]
[Site "Hungary"]
[Date "2011.05.15"]
[Round "11"]
[White "Nagy, Lajos"]
[Black "Balogh, Mate"]
[Result "0-1"]
[WhiteElo "1931"]
[BlackElo "2054"]
[PlyCount "44"]
[EventDate "2010.09.12"]
[EventType "team-tourn"]
[EventRounds "11"]
[EventCountry "HUN"]
[SourceTitle "EXT 2012"]
[Source "ChessBase"]
[SourceDate "2011.11.24"]
[SourceVersion "1"]
[SourceVersionDate "2011.11.24"]
[SourceQuality "1"]
[WhiteTeam "Paks II"]
[BlackTeam "Haladas II"]
[WhiteTeamCountry "HUN"]
[BlackTeamCountry "HUN"]

1. e4 d6 2. d4 Nf6 3. Nc3 Nbd7 4. Nf3 e5 5. Bc4 Be7 6. Ng5 0-0 7. Bxf7+ Rxf7 8. Ne6 Qe8 9. Nxc7 Qd8 10. Nxa8 b5 11. dxe5 dxe5 12. Nd5 Nxe4 13. Be3 Bd6 14. Qd3 Qa5+ 15. Nc3 Bb7 16. Qxb5 Bb4 17. Qxb7 Bxc3+ 18. Kf1 Ndc5 19. Qd5 Bxb2 20. Rb1 Nc3 21. Qc4 Nxb1 22. Bxc5 Nd2+ 0-1

[Event "HUN-chT2 Charousek 1011"]
[Site "Hungary"]
[Date "2011.04.10"]
[Round "8"]
[White "Bogar, Peter"]
[Black "Nagy, Lajos"]
[Result "1/2-1/2"]
[WhiteElo "1873"]
[BlackElo "1931"]
[PlyCount "69"]
[EventDate "2010.09.12"]
[EventType "team-tourn"]
[EventRounds "11"]
[EventCountry "HUN"]
[SourceTitle "EXT 2012"]
[Source "ChessBase"]
[SourceDate "2011.11.24"]
[SourceVersion "1"]
[SourceVersionDate "2011.11.24"]
[SourceQuality "1"]
[WhiteTeam "Decs II"]
[BlackTeam "Paks II"]
[WhiteTeamCountry "HUN"]
[BlackTeamCountry "HUN"]

1. e4 e5 2. Nf3 Nc6 3. Bb5 a6 4. Ba4 Nf6 5. 0-0 Nxe4 6. Re1 Nc5 7. Nxe5 Nxe5 8. Rxe5+ Be7 9. c3 Nxa4 10. Qxa4 0-0 11. Qc2 d5 12. d4 Bd6 13. Re1 Qh4 14. g3 Qh3 15. Qe2 Bd7 16. Qf1 Qh5 17. Be3 f5 18. f4 Rae8 19. Nd2 h6 20. Nf3 g5 21. Ne5 Bc8 22. Qg2 c6 23. Kf2 Re6 24. Rg1 Kh7 25. h4 Bxe5 26. dxe5 gxh4 27. Rh1 hxg3+ 28. Qxg3 Qf7 29. Rag1 Rg6 30. Qh4 Qg7 31. Bd4 Be6 32. Rxg6 Qxg6 33. Rg1 Qf7 34. Rh1 Qg6 35. Rg1 1/2-1/2

[Event "HUN-chT2 Charousek 1011"]
[Site "Hungary"]
[Date "2010.09.26"]
[Round "2"]
[White "Huszar, Georgina"]
[Black "Nagy, Lajos"]
[Result "1/2-1/2"]
[WhiteElo "1688"]
[BlackElo "1931"]
[PlyCount "120"]
[EventDate "2010.09.12"]
[EventType "team-tourn"]
[EventRounds "11"]
[EventCountry "HUN"]
[SourceTitle "EXT 2012"]
[Source "ChessBase"]
[SourceDate "2011.11.24"]
[SourceVersion "1"]
[SourceVersionDate "2011.11.24"]
[SourceQuality "1"]
[WhiteTeam "Kisber Aszar"]
[BlackTeam "Paks II"]
[WhiteTeamCountry "HUN"]
[BlackTeamCountry "HUN"]

1. d4 Nf6 2. Nc3 d5 3. Bg5 Nbd7 4. Nf3 h6 5. Bh4 e6 6. e4 g5 7. e5 gxh4 8. exf6 Qxf6 9. Nb5 Qd8 10. Bd3 a6 11. Nc3 c5 12. Be2 Bg7 13. Qd2 cxd4 14. Nxd4 Qf6 15. Nf3 0-0 16. 0-0-0 Ne5 17. Qd4 Nxf3 18. Qxf6 Bxf6 19. Bxf3 Bd7 20. g3 hxg3 21. Rdg1 Bg5+ 22. Kd1 gxf2 23. Rg2 Kh7 24. Rxf2 Bf6 25. Be4+ dxe4 26. Rxf6 Bc6 27. Ke2 Rad8 28. Ke3 Kg7 29. Rhf1 Rd7 30. R1f2 b5 31. Nxe4 Bxe4 32. Kxe4 Rc8 33. Ke3 Rxc2 34. Rxf7+ Rxf7 35. Rxc2 Kf6 36. Rc6 Rg7 37. Kf3 Ra7 38. Kf4 Rd7 39. Ke3 Ra7 40. Kd4 Kf5 41. Kc5 Rd7 42. Rxa6 Rd2 43. b3 Rxh2 44. Kxb5 h5 45. a4 h4 46. Rc6 Rb2 47. b4 e5 48. a5 h3 49. a6 h2 50. Rc1 Kg4 51. a7 Ra2 52. Kb6 Kg3 53. Kb7 Kg2 54. a8Q Rxa8 55. Kxa8 h1Q 56. Rxh1 Kxh1 57. b5 e4 58. b6 e3 59. b7 e2 60. b8Q e1Q 1/2-1/2

[Event "HUN-chT2 Charousek 0910"]
[Site "Hungary"]
[Date "2010.02.27"]
[Round "5"]
[White "Nagy, Lajos"]
[Black "Biskopics, Marton"]
[Result "1-0"]
[WhiteElo "1923"]
[BlackElo "2068"]
[PlyCount "87"]
[EventDate "2009.11.08"]
[EventType "team-tourn"]
[EventRounds "11"]
[EventCountry "HUN"]
[SourceTitle "EXT 2011"]
[Source "ChessBase"]
[SourceDate "2010.11.26"]
[SourceVersion "1"]
[SourceVersionDate "2010.11.26"]
[SourceQuality "1"]
[WhiteTeam "Paks II"]
[BlackTeam "Aquaprofit II"]
[WhiteTeamCountry "HUN"]
[BlackTeamCountry "HUN"]

1. e4 c5 2. c3 Nf6 3. e5 Nd5 4. d4 cxd4 5. Nf3 d6 6. cxd4 e6 7. Nc3 dxe5 8. Nxe5 Bb4 9. Bd2 0-0 10. Bd3 Nd7 11. Nxd7 Bxd7 12. 0-0 Bc6 13. Qg4 Nf6 14. Qh4 Be7 15. Be3 g6 16. Qh3 Re8 17. Rad1 a6 18. g4 b5 19. f4 b4 20. Ne2 Ne4 21. b3 Nc3 22. Nxc3 bxc3 23. Bc4 Bd5 24. f5 exf5 25. gxf5 Bxc4 26. bxc4 Bg5 27. Bxg5 Qxg5+ 28. Qg3 Qxg3+ 29. hxg3 Re3 30. fxg6 hxg6 31. Kf2 Re6 32. Rd3 Rb8 33. Rc1 Rb2+ 34. Kf3 Ree2 35. Rcxc3 f5 36. Kf4 Kf7 37. Re3 Rf2+ 38. Ke5 Rxa2 39. c5 Ke7 40. Kd5+ Kd7 41. c6+ Kc7 42. Re7+ Kc8 43. Kd6 Rfe2 44. Rce3 1-0

[Event "Paks op-A"]
[Site "Paks"]
[Date "2009.10.01"]
[Round "3"]
[White "Nagy, Lajos"]
[Black "Molnar, Bela"]
[Result "0-1"]
[WhiteElo "1923"]
[BlackElo "2356"]
[PlyCount "145"]
[EventDate "2009.09.30"]
[EventType "swiss"]
[EventRounds "7"]
[EventCountry "HUN"]
[SourceTitle "EXT 2011"]
[Source "ChessBase"]
[SourceDate "2010.11.26"]
[SourceVersion "1"]
[SourceVersionDate "2010.11.26"]
[SourceQuality "1"]

1. e4 e6 2. d4 d5 3. Nc3 Bb4 4. e5 c5 5. a3 Bxc3+ 6. bxc3 Qa5 7. Bd2 Qa4 8. Qb1 c4 9. Nh3 Ne7 10. Nf4 Nbc6 11. g3 Bd7 12. Bh3 0-0-0 13. Qb2 h5 14. g4 hxg4 15. Bxg4 Rh4 16. h3 Rdh8 17. Ke2 R4h7 18. Rag1 Nd8 19. Qb4 Qxb4 20. cxb4 f6 21. exf6 gxf6 22. Rg3 e5 23. Bxd7+ Kxd7 24. dxe5 fxe5 25. Ng2 Nf5 26. Rg6 Ne6 27. c3 Rxh3 28. Rxh3 Rxh3 29. Rf6 Nd6 30. Ne3 Nf4+ 31. Rxf4 exf4 32. Nxd5 Ne4 33. Nxf4 Nxc3+ 34. Kf1 Rh1+ 35. Kg2 Rh4 36. Kg3 Rxf4 37. Kxf4 Nb5 38. Bc1 Ke6 39. Ke4 Nc3+ 40. Ke3 Kd5 41. Kd2 Na4 42. Kc2 b5 43. Be3 a6 44. Ba7 Kc6 45. Bd4 Nb6 46. Kd2 Nd5 47. Be5 Kd7 48. Bd4 Ke6 49. Ba7 Ke5 50. Bb8+ Ke4 51. Ba7 Kf3 52. Bd4 Nf4 53. Ke1 Ne2 54. Be3 Ng3 55. Kd2 Nf5 56. Bc5 Nh4 57. Bb6 Ng6 58. Bd4 Nh4 59. Bb6 Ng6 60. Bd4 Nf4 61. Ke1 Nd3+ 62. Kf1 Ke4 63. Be3 Ne5 64. Ke2 Nf3 65. Bh6 Nd4+ 66. Kd2 Nf5 67. Bg5 Kf3 68. Ke1 Nd4 69. Bc1 Ke4 70. Bb2 Ne6 71. Kd2 Nf4 72. Bf6 Kf3 73. Kc3 0-1

[Event "HUN-chT2 Charousek 0809"]
[Site "Hungary"]
[Date "2009.02.22"]
[Round "8"]
[White "Gere, Orsolya"]
[Black "Nagy, Lajos"]
[Result "1-0"]
[WhiteElo "1797"]
[BlackElo "1970"]
[PlyCount "55"]
[EventDate "2008.10.26"]
[EventType "team-tourn"]
[EventRounds "11"]
[EventCountry "HUN"]
[SourceTitle "EXT 2010"]
[Source "ChessBase"]
[SourceDate "2010.11.25"]
[SourceVersion "1"]
[SourceVersionDate "2010.11.25"]
[SourceQuality "1"]
[WhiteTeam "Pannonpower"]
[BlackTeam "Paks II"]
[WhiteTeamCountry "HUN"]
[BlackTeamCountry "HUN"]

1. d4 Nf6 2. c4 c5 3. d5 b5 4. cxb5 a6 5. bxa6 Bxa6 6. Nc3 g6 7. Nf3 Bg7 8. h3 0-0 9. e4 Bxf1 10. Kxf1 d6 11. Kg1 Nbd7 12. Kh2 Qa5 13. Re1 Rfb8 14. Re2 Nb6 15. Qc2 Nfd7 16. Nd1 Na4 17. Rb1 Qb5 18. b3 c4 19. Bg5 f6 20. Be3 Ndc5 21. Nd4 cxb3 22. axb3 Qb6 23. Nc6 Rb7 24. Ra1 Qxb3 25. Bxc5 Qxc2 26. Rxc2 Nxc5 27. Rxa8+ Kf7 28. Nd8+ 1-0

[Event "HUN-chT2 Asztalos 0506"]
[Site "Hungary"]
[Date "2005.12.04"]
[Round "5"]
[White "Toth, David"]
[Black "Nagy, Lajos"]
[Result "1/2-1/2"]
[WhiteElo "2047"]
[BlackElo "2009"]
[PlyCount "43"]
[EventDate "2005.10.16"]
[EventType "team"]
[EventRounds "11"]
[EventCountry "HUN"]
[SourceTitle "EXT 2009"]
[Source "ChessBase"]
[SourceDate "2008.11.26"]
[SourceVersion "1"]
[SourceVersionDate "2008.11.26"]
[SourceQuality "1"]
[WhiteTeam "Pannonpower II"]
[BlackTeam "OK Travel"]
[WhiteTeamCountry "HUN"]
[BlackTeamCountry "HUN"]

1. d4 Nf6 2. c4 e5 3. dxe5 Ng4 4. Bf4 g5 5. Bg3 Bg7 6. Nf3 Nc6 7. Nc3 Ngxe5 8. Nxe5 Nxe5 9. e3 d6 10. c5 0-0 11. cxd6 cxd6 12. Be2 Be6 13. 0-0 Qe7 14. Nd5 Bxd5 15. Qxd5 Rad8 16. Rac1 Kh8 17. Rc2 f5 18. f4 Ng6 19. Qd2 g4 20. Rfc1 Rfe8 21. Bf2 Qf6 22. b3 1/2-1/2